[Event "HUN-chT2 Szechenyi 1819"]
[Site "Hungary"]
[Date "2019.02.24"]
[Round "6.12"]
[White "Kelemen, Zsofi"]
[Black "Gollei, Peter"]
[Result "0-1"]
[WhiteElo "1194"]
[BlackElo "1705"]
[PlyCount "60"]
[EventDate "2018.10.28"]
[EventType "team-tourn"]
[EventRounds "9"]
[EventCountry "HUN"]
[SourceTitle "EXT 2021"]
[Source "ChessBase"]
[SourceDate "2020.10.23"]
[SourceVersion "1"]
[SourceVersionDate "2020.10.23"]
[SourceQuality "1"]
[WhiteTeam "Gyor Szechenyi II"]
[BlackTeam "Veszprem Ezust Huszar"]
[WhiteTeamCountry "HUN"]
[BlackTeamCountry "HUN"]

1. d4 d5 2. Nf3 Nf6 3. e3 Bf5 4. Nbd2 e6 5. Be2 c5 6. c3 Be7 7. 0-0 0-0 8. h3 Nbd7 9. Nh4 Be4 10. Nhf3 Qc7 11. Bb5 c4 12. Ba4 Bd3 13. Re1 Ne4 14. Bc2 Bxc2 15. Qxc2 f5 16. Rf1 g5 17. Rb1 h5 18. Nh2 g4 19. hxg4 hxg4 20. Nxe4 dxe4 21. g3 Kf7 22. Kg2 Rh8 23. Rh1 Rh3 24. Qd2 Rah8 25. d5 Ne5 26. dxe6+ Kxe6 27. Qd1 Nf3 28. Bd2 Rxh2+ 29. Rxh2 Rxh2+ 30. Kf1 Rh1+ 0-1

[Event "HUN-chT2 Charousek 1819"]
[Site "Hungary"]
[Date "2018.10.07"]
[Round "2.12"]
[White "Kelemen, Zsofi"]
[Black "Kun, Balint"]
[Result "0-1"]
[WhiteElo "1194"]
[BlackElo "1835"]
[PlyCount "62"]
[EventDate "2018.09.23"]
[EventType "team-tourn"]
[EventRounds "11"]
[EventCountry "HUN"]
[SourceTitle "CBM 189 Extra"]
[Source "ChessBase"]
[SourceDate "2019.05.31"]
[SourceVersion "1"]
[SourceVersionDate "2019.05.31"]
[SourceQuality "1"]
[WhiteTeam "Gyor Szechenyi"]
[BlackTeam "Balatonfuered"]
[WhiteTeamCountry "HUN"]
[BlackTeamCountry "HUN"]

1. d4 d5 2. Nf3 Nf6 3. e3 c5 4. c3 Nc6 5. Nbd2 Qc7 6. Bd3 Bg4 7. h3 Bh5 8. Qc2 e5 9. e4 dxe4 10. Nxe4 Bxf3 11. Nxf6+ gxf6 12. gxf3 exd4 13. Qe2+ Be7 14. Bd2 0-0-0 15. 0-0-0 Qd7 16. Rhe1 Rhe8 17. Bf4 Bd6 18. Qd2 dxc3 19. bxc3 Rxe1 20. Qxe1 Bxf4+ 21. Kc2 c4 22. Bxc4 Qxd1+ 23. Qxd1 Rxd1 24. Kxd1 Ne5 25. Be2 Kc7 26. Kc2 Kd6 27. Kb3 Kc5 28. a4 h5 29. Bd1 Nd3 30. Kc2 Nxf2 31. Be2 Nxh3 0-1

[Event "HUN-chT4 1718"]
[Site "Hungary"]
[Date "2018.04.14"]
[Round "8.20"]
[White "Kelemen, Zsofi"]
[Black "Konyha, Laszlo"]
[Result "1/2-1/2"]
[WhiteElo "1185"]
[BlackElo "1359"]
[PlyCount "44"]
[EventDate "2017.10.28"]
[EventType "team-tourn"]
[EventRounds "9"]
[EventCountry "HUN"]
[SourceTitle "EXT 2020"]
[Source "ChessBase"]
[SourceDate "2019.10.17"]
[SourceVersion "1"]
[SourceVersionDate "2019.10.17"]
[SourceQuality "1"]

1. d4 d5 2. Nf3 Nc6 3. e3 Nf6 4. Bd3 Bg4 5. Nbd2 e5 6. Be2 e4 7. Nh4 Bxe2 8. Qxe2 Qd7 9. g3 Nb4 10. Qd1 Qc6 11. c3 Nd3+ 12. Kf1 Qe6 13. Qe2 Qh3+ 14. Kg1 g5 15. Ng2 Qf5 16. f3 exf3 17. Nxf3 0-0-0 18. Bd2 Ne4 19. Rf1 Nxd2 20. Qxd2 Qe4 21. Nxg5 Qg6 22. Nxf7 Bh6 1/2-1/2

[Event "Gyor Amateur op 11th"]
[Site "Gyor"]
[Date "2018.01.06"]
[Round "3"]
[White "Kelemen, Zsofi"]
[Black "Vasvari, Attila"]
[Result "1/2-1/2"]
[WhiteElo "1158"]
[BlackElo "1579"]
[PlyCount "63"]
[EventDate "2018.01.06"]
[EventType "swiss"]
[EventRounds "6"]
[EventCountry "HUN"]
[SourceTitle "EXT 2019"]
[Source "ChessBase"]
[SourceDate "2018.10.10"]
[SourceVersion "1"]
[SourceVersionDate "2018.10.10"]
[SourceQuality "1"]

1. d4 d5 2. Nf3 c6 3. e3 Bf5 4. Nbd2 Nf6 5. Be2 e6 6. 0-0 Bd6 7. c4 dxc4 8. Bxc4 b5 9. Be2 a5 10. Re1 Na6 11. Nh4 Bg6 12. Nxg6 hxg6 13. h3 Nc7 14. Bf3 Ra6 15. Qc2 Nfd5 16. e4 Ne7 17. e5 Bb4 18. a3 Bxd2 19. Bxd2 Qxd4 20. Bc3 Qb6 21. Be2 Ncd5 22. Bd2 Ra8 23. Bf3 0-0 24. Bxd5 Nxd5 25. Rac1 Rac8 26. Qc5 Qxc5 27. Rxc5 a4 28. Rec1 Ne7 29. Bb4 Rfd8 30. R5c2 Nd5 31. Ba5 Rd7 32. Rxc6 1/2-1/2

[Event "Balassi Amateur op 2nd"]
[Site "Janossomorja"]
[Date "2017.08.26"]
[Round "1"]
[White "Molnar, Zoltan2"]
[Black "Kelemen, Zsofi"]
[Result "1/2-1/2"]
[WhiteElo "1692"]
[BlackElo "1202"]
[PlyCount "61"]
[EventDate "2017.08.26"]
[EventType "swiss"]
[EventRounds "7"]
[EventCountry "HUN"]
[SourceTitle "EXT 2019"]
[Source "ChessBase"]
[SourceDate "2018.10.10"]
[SourceVersion "1"]
[SourceVersionDate "2018.10.10"]
[SourceQuality "1"]

1. d4 d5 2. e3 Nf6 3. Nc3 c6 4. h3 Bf5 5. Bd3 Bxd3 6. Qxd3 e6 7. Nf3 Bb4 8. a3 Bxc3+ 9. Qxc3 Nbd7 10. Qb4 Qb6 11. Qd6 Ne4 12. Qf4 0-0 13. Ng5 Ndf6 14. f3 Nxg5 15. Qxg5 h6 16. Qg3 Qb5 17. e4 dxe4 18. fxe4 Nxe4 19. Qg4 Nf6 20. Qg3 Kh8 21. Rf1 Rg8 22. Qh4 Qh5 23. Qxh5 Nxh5 24. Rxf7 Rab8 25. Be3 Rgf8 26. Rxf8+ Rxf8 27. 0-0-0 Ng3 28. Re1 Rf1 29. Rxf1 Nxf1 30. Bf4 g5 31. Be5+ 1/2-1/2

[Event "Gyor Cohtec U15 op 2nd"]
[Site "Gyor"]
[Date "2017.05.21"]
[Round "9"]
[White "Laczko, Akos"]
[Black "Kelemen, Zsofi"]
[Result "0-1"]
[WhiteElo "1293"]
[BlackElo "1186"]
[PlyCount "88"]
[EventDate "2017.05.19"]
[EventType "swiss"]
[EventRounds "9"]
[EventCountry "HUN"]
[SourceTitle "EXT 2018"]
[Source "ChessBase"]
[SourceDate "2017.10.13"]
[SourceVersion "1"]
[SourceVersionDate "2017.10.13"]
[SourceQuality "1"]

1. e4 d5 2. exd5 Qxd5 3. Nc3 Qd6 4. d4 Nf6 5. Nf3 c6 6. Bg5 Bg4 7. Be2 Bxf3 8. Bxf3 Nbd7 9. Bxf6 Nxf6 10. 0-0 e6 11. Ne4 Qd8 12. Nxf6+ Qxf6 13. c3 Bd6 14. g3 0-0 15. Bg2 Rfd8 16. Qf3 Be7 17. Qxf6 Bxf6 18. Rfd1 Rd7 19. Rd3 Rad8 20. Rad1 g6 21. b3 Bg7 22. a4 a5 23. Rb1 c5 24. Rbd1 cxd4 25. cxd4 Bxd4 26. Bxb7 Bxf2+ 27. Kxf2 Rxd3 28. Rxd3 Rxd3 29. Ke2 Rxb3 30. Bc6 Rb2+ 31. Kf3 Rxh2 32. Ke4 f5+ 33. Ke5 Rh3 34. Kxe6 Rxg3 35. Kd5 f4 36. Kc5 f3 37. Kb6 f2 38. Bb5 Rg1 39. Kxa5 f1Q 40. Bxf1 Rxf1 41. Kb5 Ra1 42. Kb4 h5 43. a5 h4 44. a6 h3 0-1

[Event "Gyor Cohtec U15 op 2nd"]
[Site "Gyor"]
[Date "2017.05.21"]
[Round "7"]
[White "Nusser, Gergo"]
[Black "Kelemen, Zsofi"]
[Result "1-0"]
[WhiteElo "1121"]
[BlackElo "1186"]
[PlyCount "63"]
[EventDate "2017.05.19"]
[EventType "swiss"]
[EventRounds "9"]
[EventCountry "HUN"]
[SourceTitle "EXT 2018"]
[Source "ChessBase"]
[SourceDate "2017.10.13"]
[SourceVersion "1"]
[SourceVersionDate "2017.10.13"]
[SourceQuality "1"]

1. d4 Nf6 2. c4 d5 3. Nc3 e6 4. Bg5 Be7 5. Nf3 0-0 6. e3 Nc6 7. cxd5 Nxd5 8. Bxe7 Ncxe7 9. e4 Nf6 10. Bc4 c6 11. 0-0 Qd7 12. Qc2 h6 13. Rad1 b5 14. Bb3 Ba6 15. Rfe1 Rfd8 16. Ne5 Qc7 17. Rd2 Rd6 18. Red1 Rad8 19. f4 Qb6 20. Ne2 b4 21. Bc4 Bxc4 22. Nxc4 Qb7 23. Nxd6 Rxd6 24. e5 Rd8 25. exf6 gxf6 26. Rd3 Nf5 27. Ng3 Nh4 28. Nh5 c5 29. Rg3+ Kf8 30. Qh7 Ke7 31. Rg7 Rf8 32. Qxh6 1-0

[Event "Gyor Mobilis Amateur op"]
[Site "Gyor"]
[Date "2016.12.17"]
[Round "3"]
[White "Laczko, Akos"]
[Black "Kelemen, Zsofi"]
[Result "1/2-1/2"]
[WhiteElo "1088"]
[BlackElo "1257"]
[PlyCount "68"]
[EventDate "2016.12.17"]
[EventType "swiss"]
[EventRounds "6"]
[EventCountry "HUN"]
[SourceTitle "EXT 2025"]
[Source "ChessBase"]
[SourceDate "2024.10.14"]
[SourceVersion "1"]
[SourceVersionDate "2024.10.14"]
[SourceQuality "1"]

1. e4 e6 2. d4 d5 3. exd5 exd5 4. Nf3 Be7 5. Nc3 Nf6 6. Be2 0-0 7. 0-0 Bg4 8. h3 Bd7 9. Bf4 Nc6 10. Ne5 Bd6 11. Nxc6 Bxc6 12. Bxd6 Qxd6 13. Bb5 Rfe8 14. Re1 Ne4 15. Nxe4 dxe4 16. Bxc6 bxc6 17. c3 Qh6 18. Qg4 e3 19. fxe3 Rxe3 20. Rf1 Rae8 21. Qf4 Qxf4 22. Rxf4 Re1+ 23. Rxe1 Rxe1+ 24. Kh2 g6 25. c4 Re2 26. Rf6 Re6 27. Rxe6 fxe6 28. Kg3 Kf7 29. Kf4 Kf6 30. g4 g5+ 31. Ke4 a6 32. b4 Kg6 33. d5 cxd5+ 34. cxd5 Kf6 1/2-1/2

[Event "Gyor Mobilis Amateur op"]
[Site "Gyor"]
[Date "2016.12.17"]
[Round "1"]
[White "Steiner, Botond"]
[Black "Kelemen, Zsofi"]
[Result "0-1"]
[WhiteElo "660"]
[BlackElo "1257"]
[PlyCount "80"]
[EventDate "2016.12.17"]
[EventType "swiss"]
[EventRounds "6"]
[EventCountry "HUN"]
[SourceTitle "EXT 2025"]
[Source "ChessBase"]
[SourceDate "2024.10.14"]
[SourceVersion "1"]
[SourceVersionDate "2024.10.14"]
[SourceQuality "1"]

1. e4 e6 2. Nf3 d5 3. Nc3 Bb4 4. d3 d4 5. a3 Bxc3+ 6. bxc3 dxc3 7. d4 Nf6 8. Qd3 b6 9. e5 Nd5 10. h4 a5 11. Ng5 h6 12. g3 hxg5 13. Bxg5 Qd7 14. Qb5 Ba6 15. Qxd7+ Nxd7 16. Bxa6 Rxa6 17. 0-0 f6 18. exf6 gxf6 19. Bxf6 N7xf6 20. Rae1 Kd7 21. Re5 Rh5 22. Rfe1 Rxe5 23. dxe5 Ng4 24. f3 Nge3 25. h5 Nxc2 26. h6 Nxe1 27. Kf2 c2 28. Kxe1 c1Q+ 29. Kf2 Qxh6 30. g4 Qh2+ 31. Ke1 Qxe5+ 32. Kf2 Qh2+ 33. Ke1 Qg1+ 34. Ke2 Nc3+ 35. Kd3 b5 36. Kxc3 Rc6+ 37. Kd3 Rc4 38. a4 Qd4+ 39. Ke2 Rc2+ 40. Ke1 Qg1# 0-1

[Event "Gyor op-B 7th"]
[Site "Gyor"]
[Date "2016.07.06"]
[Round "1"]
[White "Papp, Gabor2"]
[Black "Kelemen, Zsofi"]
[Result "1-0"]
[WhiteElo "1775"]
[BlackElo "1216"]
[PlyCount "47"]
[EventDate "2016.07.06"]
[EventType "swiss"]
[EventRounds "9"]
[EventCountry "HUN"]
[SourceTitle "EXT 2017"]
[Source "ChessBase"]
[SourceDate "2016.10.25"]
[SourceVersion "1"]
[SourceVersionDate "2016.10.25"]
[SourceQuality "1"]

1. e4 g6 2. Nf3 Bg7 3. d4 c6 4. Be2 d5 5. e5 Bg4 6. h3 Bxf3 7. Bxf3 Nh6 8. Bf4 0-0 9. Qd2 Nf5 10. Bg4 e6 11. Bxf5 exf5 12. Nc3 Re8 13. 0-0-0 f6 14. Rde1 Re6 15. g4 fxg4 16. hxg4 Nd7 17. Bh6 g5 18. Qd3 Bxh6 19. Rxh6 Re7 20. Reh1 Nf8 21. exf6 Rf7 22. Qf5 Ng6 23. Qxg6+ hxg6 24. Rh8# 1-0

[Event "Gyor Cohtec U15 op"]
[Site "Gyor"]
[Date "2016.05.27"]
[Round "8"]
[White "Nusser, Gergo"]
[Black "Kelemen, Zsofi"]
[Result "1/2-1/2"]
[WhiteElo "1200"]
[BlackElo "1237"]
[PlyCount "64"]
[EventDate "2016.05.27"]
[EventType "swiss"]
[EventRounds "9"]
[EventCountry "HUN"]
[SourceTitle "EXT 2017"]
[Source "ChessBase"]
[SourceDate "2016.10.25"]
[SourceVersion "1"]
[SourceVersionDate "2016.10.25"]
[SourceQuality "1"]

1. e4 e5 2. Nf3 d6 3. h3 Be7 4. Bc4 h6 5. Nc3 Nf6 6. d3 Nc6 7. Be3 0-0 8. 0-0 Re8 9. Re1 Bd7 10. Qd2 Nb4 11. Ne2 d5 12. exd5 Nbxd5 13. Bxd5 Nxd5 14. Nxe5 Nxe3 15. fxe3 Bf6 16. Nxd7 Qxd7 17. Nf4 Bxb2 18. Rab1 Qb5 19. c4 Qb6 20. Rxb2 Qc6 21. d4 b6 22. d5 Qxc4 23. e4 Rxe4 24. Rxe4 Qxe4 25. Nh5 Rd8 26. Qc3 Qg6 27. Nf4 Qg5 28. Rf2 Rd7 29. Qf3 Rd8 30. Ne2 Qxd5 31. Qxd5 Rxd5 32. Nc3 Rc5 1/2-1/2

[Event "HUN-chT4a 1516"]
[Site "Hungary"]
[Date "2016.02.06"]
[Round "6.14"]
[White "Jakab, Gabor"]
[Black "Kelemen, Zsofi"]
[Result "0-1"]
[WhiteElo "1378"]
[BlackElo "1183"]
[PlyCount "70"]
[EventDate "2015.10.17"]
[EventType "team-tourn"]
[EventRounds "8"]
[EventCountry "HUN"]
[SourceTitle "EXT 2019"]
[Source "ChessBase"]
[SourceDate "2018.10.10"]
[SourceVersion "1"]
[SourceVersionDate "2018.10.10"]
[SourceQuality "1"]

1. e4 e5 2. Nf3 d6 3. h3 Nf6 4. Nc3 Nc6 5. Bc4 Nd7 6. d3 h6 7. 0-0 Be7 8. Bb5 0-0 9. Nd5 a6 10. Bxc6 bxc6 11. Nxe7+ Qxe7 12. Qe2 c5 13. b3 Nf6 14. Bb2 Nh5 15. c3 Nf4 16. Qe3 Qf6 17. Ne1 Qg6 18. g4 h5 19. Qg3 Ne2+ 20. Kg2 Nxg3 21. Kxg3 hxg4 22. h4 Qh5 23. Ng2 g5 24. Rh1 gxh4+ 25. Nxh4 Qg5 26. Bc1 Qf6 27. Be3 Re8 28. c4 Kf8 29. a3 Ke7 30. b4 Rh8 31. bxc5 dxc5 32. a4 Rb8 33. Rab1 Rb6 34. Rxb6 cxb6 35. Bd2 a5 0-1

[Event "Gyor Amateur op 3rd"]
[Site "Gyor"]
[Date "2015.06.05"]
[Round "1"]
[White "Kelemen, Zsofi"]
[Black "Csano, Joseph"]
[Result "1/2-1/2"]
[WhiteElo "1276"]
[BlackElo "1548"]
[PlyCount "31"]
[EventDate "2015.06.05"]
[EventType "swiss"]
[EventRounds "5"]
[EventCountry "HUN"]
[SourceTitle "CBM 166 Extra"]
[Source "ChessBase"]
[SourceDate "2015.06.18"]
[SourceVersion "1"]
[SourceVersionDate "2015.06.18"]
[SourceQuality "1"]

1. e4 c5 2. c3 Nf6 3. d3 d6 4. Nf3 Nc6 5. Bf4 e5 6. Bg5 Be7 7. Nbd2 Be6 8. g3 h6 9. Be3 d5 10. exd5 Nxd5 11. c4 Nxe3 12. fxe3 Nb4 13. Nxe5 f6 14. Ng6 Rg8 15. Nxe7 Qxe7 16. a3 1/2-1/2

[Event "Gyor Amateur op 2nd"]
[Site "Gyor"]
[Date "2015.05.17"]
[Round "6"]
[White "Kelemen, Zsofi"]
[Black "Molnar, Imre"]
[Result "1/2-1/2"]
[WhiteElo "1303"]
[BlackElo "1283"]
[PlyCount "40"]
[EventDate "2015.05.16"]
[EventType "swiss"]
[EventRounds "7"]
[EventCountry "HUN"]
[SourceTitle "EXT 2016"]
[Source "ChessBase"]
[SourceDate "2015.10.08"]
[SourceVersion "1"]
[SourceVersionDate "2015.10.08"]
[SourceQuality "1"]

1. e4 e6 2. Nf3 Nc6 3. d4 d5 4. e5 f6 5. c3 a6 6. Bd3 b5 7. Nbd2 fxe5 8. dxe5 Bc5 9. Nb3 Bb6 10. Bc2 h6 11. 0-0 Nge7 12. Nbd4 Nxd4 13. Nxd4 Bb7 14. Re1 Qd7 15. Qh5+ Kd8 16. Qg4 Bxd4 17. cxd4 Nf5 18. Qd1 Qf7 19. b3 Kd7 20. Bxf5 Qxf5 1/2-1/2

[Event "Gyor Amateur op 2nd"]
[Site "Gyor"]
[Date "2015.05.16"]
[Round "3"]
[White "Toreky, Zsombor"]
[Black "Kelemen, Zsofi"]
[Result "1-0"]
[WhiteElo "1388"]
[BlackElo "1303"]
[PlyCount "81"]
[EventDate "2015.05.16"]
[EventType "swiss"]
[EventRounds "7"]
[EventCountry "HUN"]
[SourceTitle "EXT 2016"]
[Source "ChessBase"]
[SourceDate "2015.10.08"]
[SourceVersion "1"]
[SourceVersionDate "2015.10.08"]
[SourceQuality "1"]

1. e4 c5 2. c3 e5 3. Nf3 d6 4. d4 Nc6 5. Bb5 Bd7 6. Bxc6 Bxc6 7. dxe5 Bxe4 8. Bf4 dxe5 9. Bxe5 Qxd1+ 10. Kxd1 Rd8+ 11. Ke2 Bxf3+ 12. gxf3 f6 13. Bg3 Bd6 14. Nd2 Bxg3 15. fxg3 Rd7 16. Rhe1 Re7+ 17. Kf2 Rxe1 18. Rxe1+ Kf7 19. Ne4 b6 20. Nd6+ Kg6 21. Nc8 Nh6 22. Nxa7 Rd8 23. Nc6 Rd2+ 24. Re2 Rd5 25. Ne7+ Kh5 26. Nxd5 g5 27. Nxf6+ Kg6 28. Nd5 b5 29. Re6+ Kh5 30. Rxh6+ Kxh6 31. Nc7 b4 32. a4 bxa3 33. bxa3 Kh5 34. a4 g4 35. f4 Kg6 36. a5 Kf5 37. a6 Kg6 38. a7 Kh5 39. a8Q Kg6 40. Qg8+ Kf5 41. Qe6# 1-0